Statistics for UK Counties Map Quiz

Click here to take the quiz!

General Stats

  • This quiz has been taken 902 times
    (890 since last reset)
  • The average score is 33 of 112

Answers on the Map

Answers color-coded by a green-red scale on the quiz's map according to % correct below.
 

Answer Stats

Answer% Correct
Greater London
75%
Cornwall
72%
Kent
67%
Isle of Wight
66%
Devon
65%
Essex
63%
Norfolk
60%
Bristol City
59%
Dorset
56%
Somerset
55%
East Sussex
54%
Suffolk
54%
West Sussex
54%
Surrey
51%
Hampshire
50%
North Yorkshire
49%
Cambridgeshire
47%
Cumbria
47%
Merseyside
47%
East Riding of Yorkshire
46%
Lincolnshire
46%
Greater Manchester
45%
South Yorkshire
45%
Tyne and Wear
45%
West Yorkshire
45%
Gloucestershire
44%
Northumberland
43%
Buckinghamshire
42%
Oxfordshire
42%
Durham
41%
Lancashire
41%
Wiltshire
41%
Aberdeenshire
39%
Highland
39%
Rutland
39%
Aberdeen City
38%
Berkshire
38%
Nottinghamshire
38%
Cheshire
37%
Derbyshire
37%
Bedfordshire
36%
Hertfordshire
36%
Leicestershire
35%
Northamptonshire
35%
Herefordshire
34%
Shropshire
34%
Isle of Anglesey
33%
Scottish Borders
33%
Shetland
33%
West Midlands
33%
Worcestershire
33%
Warwickshire
31%
Belfast
29%
Orkney
29%
Staffordshire
29%
Cardiff
28%
Edinburgh
28%
Dumfries and Galloway
27%
Pembrokeshire
24%
Swansea
24%
Wrexham
24%
Glasgow City
23%
Western Isles
23%
Dundee City
22%
East Lothian
21%
Argyll and Bute
20%
Powys
20%
Angus
19%
Fife
19%
West Lothian
18%
Gwynedd
17%
Moray
17%
Perth and Kinross
17%
Ceredigion
16%
Conwy
16%
East Ayrshire
16%
Flintshire
16%
Midlothian
16%
Monmouthshire
16%
North Ayrshire
16%
South Ayrshire
16%
Stirling
16%
Newport
15%
North Lanarkshire
15%
South Lanarkshire
15%
Carmarthenshire
14%
Derry and Strabane
14%
Mid Ulster
14%
Causeway Coast and Glens
13%
Clackmannanshire
13%
Armagh City, Banbridge and Craigavon
12%
East Durbartonshire
12%
Falkirk
12%
Inverclyde
12%
Neath Port Talbot
12%
West Durbartonshire
12%
Denbighshire
11%
Fermanagh and Omagh
11%
Merthyr Tydfil
11%
Renfrewshire
11%
Vale of Glamorgan
11%
Bridgend
10%
East Renfrewshire
10%
Rhondda Cynon Taf
10%
Antrim and Newtownabbey
9%
Caerphilly
9%
Mid and East Antrim
9%
Ards and North Down
8%
Lisburn and Castlereagh
8%
Newry, Mourne and Down
8%
Blaenau
7%
Torfaen
7%

Score Distribution

Percentile by Number Answered

Percent of People with Each Score

Your Score History

You have not taken this quiz since the last reset